Responses for Show #9013 - Wednesday, January 10, 2024

2023-2024 Second Chance competition week 4, semifinal game 2.

Contestants

[<< previous game]

Denise Carlon, an attorney from Seaside Heights, New Jersey

Michael Vallely, a program analyst from Cleveland, Ohio

Roy Camara, a grocery specialist from Crawfordville, Florida

[next game >>]

Jeopardy! Round responses

TEX & THE CITY
NATIONAL ANIMALS
3-SYLLABLE WORDS
YOU GET NOTHING! YOU LOSE!
U.S. MONEY
ONE-MAN BAND
    $200 26
Fort Worth

Roy
    $200 30
flamingos

Roy
    $200 29
a raspberry

Roy
    $200 27
Lot's wife

Roy
    $200 28
a pyramid

Michael
    $200 5
McCartney

Roy
    $400 19
Austin

Roy
    $400 14
a butterfly

Roy
    $400 24
hemisphere

Roy
    $400 23
(Ken: We still remember his scheme today, that's [*].)

Charles Ponzi

Triple Stumper
    $400 25
$2 bill

Michael
    $400 7
Prince

Denise
    $600 18
Houston

Michael
    $600 12
a Bengal tiger

Roy
    $600 22
chivalry

Roy
    $600 3
four of a kind

Roy
    $600 4
(Ken: There's still a mint there, yes.)

Philadelphia

Denise
    $600 8
Lenny Kravitz

Denise
    $3,600 15
(Roy: What is... Corpus Christi?)
(Ken: No, I'm sorry, but you were on the right track--[*], named after St. Anthony.)

San Antonio

Roy
    $800 6
(Roy: What is... a moose?)

a beaver

RoyDenise
    $800 20
nocturnal

Roy
    $800 2
McClellan

Michael
    $800 1
banks

Roy
    $800 9
Nine Inch Nails

Roy
    $1000 17
Brownsville

Michael
    $1000 13
(Michael: What is a quetzal?)

a (Andean) condor

MichaelDenise
    $1000 16
scholastic

Michael
    $1000 11
(Ken: Yes, tantalize.)

Tantalus

Roy
    $1000 10
engraving & printing

Michael
    $1000 21
(Denise: Who is Van Halen?)
(Ken: Can you be more specific?)

Wolfgang Van Halen

Denise

Scores at the first commercial break (after clue 15):

Roy Michael Denise
$0 $800 $3,400

Scores at the end of the Jeopardy! Round:

Roy Michael Denise
$3,000 $4,000 $4,400

Double Jeopardy! Round responses

WORD HISTORIES
BOOKS & AUTHORS
INTERNATIONAL AFFAIRS
WORLD OF FIRST NAMES
CELEBRITIES' FAVORITE MOVIES & TV SHOWS
ONE MAN, BANNED
    $400 27
engine

Triple Stumper
    $400 28
(E.B.) White

Roy
    $400 30
Jerusalem

Roy
    $400 12
Kenya

Roy
    $400 4
[Michael did not include the leading article in his response.]

The Sound of Music

Michael
    $400 29
(Michael: Who is James I?)

James II

RoyMichael
    $800 22
flirt

Roy
    $800 5
"Brokeback Mountain"

Michael
    $800 26
Vienna

Michael
    $800 25
Miguel

Roy
    $800 8
Jordan Peele

Denise
    $800 24
(Roy: What is... Venice?)
(Denise: What is Alighieri?)
(Michael: What is Milan?)

Florence

RoyMichaelDenise
Triple Stumper
    $1200 21
(Roy: What is jumbo?)
...
(Ken: Roy might know now, but doesn't get a second chance.)

mammoth

Roy
Triple Stumper
    $1200 2
Dennis Lehane

Roy
    $6,200 14
OPEC

Roy
    $1200 7
(Ken: Yes, Chmerkovskiy.)

Maksim

Denise
    $1200 9
Law & Order: Special Victims Unit

Denise
    $1200 23
Berlusconi

Roy
    $1600 20
a tailgate

Denise
    $1600 1
The Talented Mr. Ripley

Roy
    $1600 19
territorial waters

Roy
    $1600 3
(Michael: What is caliph?)
...
(Ken: Don't say you're [*] of [*]s, yes.)

king

MichaelDenise
    $1600 10
A Different World

Denise
    $8,200 13
(Roy: Once bitten, never shy, everything.)

Martin Luther

Roy
    $2000 18
(Roy: What is denim?)

dungarees

Roy
Triple Stumper
    $2000 6
Dreiser

Roy
    $2000 17
the Belt and Road Initiative

Triple Stumper
    $2000 16
Marie

Triple Stumper
    $2000 11
(Taylor) Sheridan

Denise
    $2000 15
(Ken: How soon we forget the late [*].)

Yevgeny Prigozhin

Triple Stumper

Scores at the end of the Double Jeopardy! Round:

Roy Michael Denise
$24,200 $3,200 $13,600

[wagering suggestions for these scores]

Final Jeopardy! Round responses

SPACE
(Ken: [To Denise] Yes, the Van Allen radiation belt interferes with spacecraft and satellites there.)
MichaelWhat is Hi Cleveland!
$0
DeniseWhat the Bermuda Triangle?
$10,401
RoyWhat is Bermuda Triangle?
$3,001
Bermuda Triangle

Final scores:

Roy Michael Denise
$27,201 $3,200 $24,001
Finalist 3rd place: $2,000 2nd place: $3,000

Game dynamics:

Coryat scores:

Roy Michael Denise
$16,200 $3,200 $13,600
28 R
(including 2 DDs),
5 W
(including 1 DD)
10 R,
4 W
13 R,
1 W

Combined Coryat: $33,000

[game clues] [game scores] [suggest correction]

Game tape date: 2023-12-06
The J! Archive is created by fans, for fans. Scraping, republication, monetization, and malicious use prohibited; this site may use cookies and collect identifying information. See terms. The Jeopardy! game show and all elements thereof, including but not limited to copyright and trademark thereto, are the property of Jeopardy Productions, Inc. and are protected under law. This website is not affiliated with, sponsored by, or operated by Jeopardy Productions, Inc. Join the discussion at JBoard.tv.